000 00369 a2200169 4500
001 191287
020 _a85-281-0092-8
040 _cMagnum
100 _aRocha, Ruth
240 1 0 _aHistorinhas malcriadas
_lpor
245 1 0 _aHistorinhas malcriadas
300 _a38
362 0 _a1991
440 1 _aSalamandra
697 _aLITERATURA INFANTO-JUVENIL
942 _cBK
999 _c191287
_d191287